LEADER 00873cam0-2200313---450- 001 990004789470403321 005 20090120115853.0 035 $a000478947 035 $aFED01000478947 035 $a(Aleph)000478947FED01 035 $a000478947 100 $a19990604d1961----km-y0itay50------ba 101 0 $aeng 102 $aGB 105 $a----a---001yy 200 1 $a<>growth of the english novel$fby Richard Church 210 $aLondon$cMethuen$aNew York$cBarnes & Noble$d1961 215 $a179 p.$d21 cm 225 1 $aUniversity paperbacks$v28 610 0 $aNarrativa inglese 676 $a823.009 700 1$aChurch,$bRichard$0191533 801 0$aIT$bUNINA$c20070322$gRICA$2UNIMARC 901 $aBK 912 $a990004789470403321 952 $a823.009 CHU 1$fFLFBC 959 $aFLFBC 996 $aGrowth of the english novel$9174180 997 $aUNINA LEADER 00853nam0-2200301---450- 001 990010001530403321 005 20150929170133.0 010 $a978-88-8267-095-5 035 $a001000153 035 $aFED01001000153 035 $a(Aleph)001000153FED01 035 $a001000153 100 $a20150929d2014----km-y0itay50------ba 101 0 $aita 102 $aIT 105 $aa-------001yd 200 1 $a<<ˆIl >>‰teatro di Shakespeare e il doppiaggio$fGerardo Di Cola 210 $aChieti$cèDICOLA$d2014 215 $a687 p.$cill.$d30 cm 610 0 $aDoppiaggio cinematografico$aItaliano$aShakespeare, William$aOpere 676 $a778.5$v21 700 1$aDi Cola,$bGerardo 801 0$aIT$bUNINA$gRICA$2UNIMARC 901 $aBK 912 $a990010001530403321 952 $a778.5 DIC 1$bBIBLIO 2015/489$fFLFBC 959 $aFLFBC 997 $aUNINA LEADER 01034nam a2200277 i 4500 001 991001142459707536 005 20020507111836.0 008 970110s1989 fr ||| | fre 020 $a285036066X 035 $ab10179586-39ule_inst 035 $aLE00642851$9ExL 040 $aDip.to Fisica$bita 084 $a4(038) 084 $a440 100 1 $aRobert, Paul$0333752 245 13$aLe Petit Robert 1 :$bdictionnaire alphabétique et analogique de la langue française /$cpar Paul Robert 260 $aParis :$bLe Robert,$c1989 300 $axxxi, 2172 p. ;$c24 cm. 650 4$aLingua francese-Dizionari 907 $a.b10179586$b02-04-14$c27-06-02 912 $a991001142459707536 945 $aLE006 4(038) ROB$g1$i2006000015264$lle006$o-$pE0.00$q-$rl$s- $t0$u1$v0$w1$x0$y.i10220343$z27-06-02 945 $aLE006 4(038) ROB$g2$i2006000083072$lle006$o-$pE0.00$q-$rl$s- $t0$u0$v0$w0$x0$y.i10220355$z27-06-02 996 $aPetit Robert 1$9189053 997 $aUNISALENTO 998 $ale006$b01-01-97$cm$da $e-$ffre$gfr $h3$i2